USA Allies - Statistics

General Stats
  • This quiz has been taken 34 times
    24 since last reset
  • The average score is 23 of 45
Answer Stats
Continet Answer % Correct
North America Canada
87%
Europe France
87%
Europe Germany
80%
South America Brazil
73%
Europe Italy
73%
Asia Japan
73%
North America Mexico
73%
Europe Poland
73%
Europe UK | United Kingdom
73%
Europe Denmark
67%
Europe Norway
67%
Asia South Korea
67%
Europe Spain
67%
Europe Sweden
67%
Australia/Oceania Australia
60%
Europe Austria
60%
Europe Belgium
60%
Europe Estonia
60%
Europe Finland
60%
Asia India
60%
Europe Netherlands
60%
Asia Philippines
60%
Europe Portugal
60%
Europe Romania
60%
South America Argentina
53%
Europe Iceland
53%
Asia Israel
53%
Australia/Oceania New Zealand
53%
Europe Slovenia
53%
Europe Croatia
47%
Europe Latvia
47%
Europe Lithuania
47%
Europe Luxembourg
40%
Europe Ukraine
40%
Europe Hungary
33%
Asia Indonesia
33%
Europe North Macedonia
27%
North America Jamaica
20%
Europe Bosnia And Herzegovina
13%
Europe Andorra
7%
Africa DRC | Congo | Democratic Republic of the Congo
7%
USA Fiji
7%
Europe Liechtenstein
7%
North America Antigua And Barbuda
0%
Africa Morroco
0%
No matching quizzes found
Score Distribution
Percent of People with Each Score
Percentile by Number Answered
Your Score History
You have not taken this quiz since the last reset